00536nam a2200121Ia 4500008004100000020001800041100002000059245010300079260003400182300001300216999001900229952016600248180205s9999 xx 000 0 und d a9781416618249 aPhillips, Vicki cOlson, LynnaEnsuring effective instruction :bhow do i improve teaching using multiple measure? : ausa :bASCD publicationc2013 a45 pages c354961d354961 001040aCLbCLcRESd2018-02-05eLibrary Fundl0oLB 1025.3 .P549 2013pc21188r2018-05-15 00:00:00w2018-02-05yBKzReprograph copy - Location : Technical Area